|
|
|
|
| LEADER |
00000naa a2200000 ar4500 |
| 001 |
vtls009190723 |
| 003 |
SK-MaSNL |
| 005 |
20260302143908.0 |
| 008 |
080311c2002 xo zr|p|||||||000 b|slo |
| 015 |
|
|
|a SNBRA2008/03
|2 snkbucl
|
| 038 |
|
|
|a SNKBUCL
|
| 040 |
|
|
|a SNKBUCL
|b slo
|c SNKBUCL
|e AACR2
|
| 041 |
0 |
|
|a slo
|b eng
|
| 044 |
|
|
|a xo
|c SK
|
| 080 |
|
|
|a 656.223.1:658.56
|x (437.6)
|2 2001
|
| 080 |
|
|
|a 658.56
|x (437.6)
|2 2001
|
| 100 |
1 |
|
|a Križanová, Eva
|c (Ing.)
|4 aut
|9 238302
|
| 245 |
1 |
0 |
|a Prevádzka IC vlakov hodnotená podľa kódexu UIC C6 za rok 2001
|c Eva Križanová, Peter Majerčák, Jozef Majerčák
|
| 300 |
|
|
|b Graf, tab.
|
| 504 |
|
|
|a Res. angl.
|
| 546 |
|
|
|a Bibliogr. odkazy
|
| 648 |
|
7 |
|a 2001
|2 snkbucl
|9 296180
|
| 650 |
0 |
7 |
|a osobná železničná doprava
|2 snkbucl
|9 88590
|
| 650 |
0 |
7 |
|a IC vlaky
|2 snkbucl
|9 834381
|
| 650 |
0 |
7 |
|a kvalita prepravy
|2 snkbucl
|9 834382
|
| 651 |
|
7 |
|a Slovensko
|2 snkbucl
|
| 700 |
1 |
|
|a Majerčák, Peter
|4 aut
|9 12916
|
| 700 |
1 |
|
|a Majerčák, Jozef,
|d 1956-
|4 aut
|9 240771
|
| 773 |
0 |
|
|t Práce a štúdie Fakulty prevádzky a ekonomiky dopravy a spojov Žilinskej univerzity v Žiline 18
|d Žilina : Edis, 2002
|g S. 87-92
|z 8080700214
|
| 852 |
|
|
|a SNK
|b KIS3GCP
|
| 958 |
|
|
|a NB
|
| 999 |
|
|
|c 1346607
|d 1348537
|